Statistiques concernant Arrondissements de Paris sur une carte

Cliquez ici pour prendre le quiz!

Statistiques générales

  • Ce quiz a été pris 43 fois
    (34 depuis la dernière actualisation)
  • Le résultat moyen est 10 sur 20

Réponses sur la Carte

Les réponses sont colorées sur une échelle allant du rouge au vert en fonction du pourcentage des utilisateurs qui les ont devinées à leur premier essai. Vous pouvez retrouver ces pourcentages ci-dessous.
Chargement ...
Seine-Saint-DenisHauts-de-SeineVal-de-Marne
 

Statistiques - réponses

Arrondissement% Correct
1erLouvre
95%
18eButtes-Montmartre
81%
9eOpéra
67%
16ePassy
62%
20eMénilmontant
57%
4eHôtel-de-Ville
52%
8eÉlysée
52%
17eBatignolles-Monceau
52%
6eLuxembourg
48%
19eButtes-Chaumont
48%
2eBourse
43%
13eGobelins
43%
3eTemple
43%
7ePalais-Bourbon
38%
14eObservatoire
38%
15eVaugirard
38%
5ePanthéon
33%
12eReuilly
33%
10eEntrepôt
29%
11ePopincourt
29%

Distribution des résultats

Percentile par nombre de réponses

% des personnes avec chaque résultat

Votre développement - résultats

Vous n’avez pas pris ce quiz depuis la dernière actualisation